| 000 | 01180cam a2200277 4500 | ||
|---|---|---|---|
| 001 | |||
| 008 | #DATE n1997 000 0 eng u | ||
| 020 | _a0922154392 | ||
| 035 | _a(Sirsi) u116926 | ||
| 041 | _aeng | ||
| 100 | _aAaron, M. H. | ||
| 245 | 4 | _aThe appraisal of religious facilities | |
| 260 |
_aChicago _bAppraisal Institute _c1997 |
||
| 300 |
_axi,77p. _bill. _c1997 |
||
| 350 | _a25 | ||
| 520 | _aThis American text provides an overview of the historical development of houses of worship and the importance of these structures, not only to the religious bodies that built them, but also to the communities in which they exist. Considers the market for such properties as well as the physical elements that set religious facilities apart from ordinary construction. Looks at the application of cost and sales comparison approaches and the financing of religious facilities. | ||
| 650 | _aCHURCHES | ||
| 650 | _aRELIGIOUS BUILDINGS | ||
| 650 | _aUNITED STATES | ||
| 650 |
_aValuation _96273 |
||
| 650 | _aAPPRAISAL TECHNIQUES | ||
| 690 | _aUNITED STATES | ||
| 690 | _aPROPERTY-PROPERTY APPRAISAL AND VALUATION | ||
| 700 | _aWright, J.H. | ||
| 942 | _n0 | ||
| 999 |
_c101919 _d101919 |
||